Famous Davids - Statistics

General Stats
  • This quiz has been taken 65 times
  • The average score is 12 of 25
Answer Stats
Hint Answer % Correct
Flamboyant singer whose alter-ego was Ziggy Stardust David Bowie
93%
Actor who starred as Ross Geller in Friends David Schwimmer
82%
Former professional footballer who captained the England team from 2000 to 2006 David Beckham
80%
Nonogenarian naturalist and TV presenter known for his commentaries on Blue Planet and Life on Earth David Attenborough
72%
Baywatch star who famously performed the song "Looking for Freedom" at the site of the Berlin Wall David Hasselhoff
70%
American illusionist who famously walked through the Great Wall of China David Copperfield
65%
Former British Prime Minister and alleged pig enthusiast who resigned following the 2016 Brexit vote David Cameron
63%
Lead singer of the Foo Fighters Dave Grohl
60%
Scottish actor who starred as the Tenth Doctor in Doctor Who David Tennant
58%
French DJ whose hits include "Titanium", "Hey Mama" and "Turn Me On" David Guetta
55%
First Prime Minister of Israel David Ben-Gurion
53%
Starred as Agent Fox Mulder in the X-Files David Duchovny
50%
Frontman of Van Halen David Lee Roth
45%
Featured as Drax the Destroyer in the Guardians of the Galaxy movies Dave Bautista
35%
Jazz pianist known for his song "Take Five" Dave Brubeck
35%
American film director known for his psychological thrillers, including Fight Club and Se7en David Fincher
35%
Sketch comic whose characters include crack addict Tyrone Biggums and blind African American white-supremacist Clayton Bigsby Dave Chappelle
32%
Scottish philosopher who famously stated that "Reason is, and ought only to be, the slave of the passions" David Hume
30%
Director of The Bridge on the River Kwai David Lean
28%
Matt Lucas's comedy partner David Walliams
28%
British Prime Minister during the second half of the First World War David Lloyd George
27%
Kill Bill actor who died by auto-erotic asphyxiation in 2009 David Carradine
22%
Actor who played Horatio Caine in CSI: Miami David Caruso
22%
English actor and comedian best known for playing Del Boy in Only Fools and Horses David Jason
22%
Actor best known for playing eccentric forensic pathologist Donald 'Ducky' Mallard in NCIS David McCallum
7%
No matching quizzes found
Score Distribution
Percent of People with Each Score
Percentile by Number Answered
Your Score History
You have not taken this quiz